000 00663nam a22001817a 4500
010 _a1617CH-EN
020 _a9788176760423
_c295.00
035 _aB-641696-721
037 _aDPL
_bABC/Ven.
082 _a394.26954
100 _aMehta, Anurag
245 _aTell me about festivals of India /
_cby Anurag Mehta
260 _aNew Delhi
_bNita Mehta
_c2015
270 _a3A/3 Asaf Ali Road,
_bNew Delhi
_e110002
300 _a128p.
_c25cm(pbk)
942 _2ddc
_cCH
_mMEH
_h394.26954
999 _c100843
_d100843